| 000 | 00402nam a2200133Ia 4500 | ||
|---|---|---|---|
| 008 | 160209s9999 xx 000 0 und d | ||
| 100 | _aBroinoswki, A. | ||
| 245 | _aDouble Vision - Asian Accounts of Australia / | ||
| 245 | _cA. Broinoswki. | ||
| 260 | _bCanberra : ANU Press. | ||
| 260 | _c2011 | ||
| 650 | _xPsychology. | ||
| 856 | _uhttp://www.oapen.org/search?identifier=459080;keyword=psychology | ||
| 999 |
_c290502 _d290502 |
||